Führer für Sammler von Porzellan und Fayence (Record no. 2401)

MARC details
000 -CABECERA
campo de control de longitud fija 01013nam a2200253 a 4500
001 - NÚMERO DE CONTROL
campo de control BRCA_2661
005 - FECHA Y HORA DE LA ÚLTIMA TRANSACCIÓN
campo de control 20190320203918.0
008 - DATOS DE LONGITUD FIJA--INFORMACIÓN GENERAL
campo de control de longitud fija 021208s1915----gw-a---###---#000-0#ger-#
041 ## - CÓDIGO DE LENGUA
Código de lengua del texto/banda sonora o título independiente ger
044 ## - CÓDIGO DEL PAÍS DE LA ENTIDAD EDITORA/PRODUCTORA
Código MARC del país gw
050 #4 - SIGNATURA TOPOGRÁFICA DE LA BIBLIOTECA DEL CONGRESO
Número de clasificación NK4215
Número de documento/Ítem .G73 1915
100 1# - ENTRADA PRINCIPAL--NOMBRE DE PERSONA
Nombre de persona Grasse, Johann Georg Theodor
9 (RLIN) 7554
245 10 - MENCIÓN DE TÍTULO
Título Führer für Sammler von Porzellan und Fayence
Resto del título steinzeug, steingut usw
Mención de responsabilidad, etc. J. G. Th. Greasse ; vollständiges verzeichnis der auf älterem Porzellan, Fayence, Steingut usw. befindlichen marken von verm und wissenschaftlichen belegen, erlauterungen und registern ausgestatett von E. Zimmermann.
260 ## - PUBLICACIÓN, DISTRIBUCIÓN, ETC.
Lugar de publicación, distribución, etc. Berlin
Nombre del editor, distribuidor, etc. Richard Carl Schimidt
Fecha de publicación, distribución, etc. 1915
300 ## - DESCRIPCIÓN FÍSICA
Extensión 384 p.
Otras características físicas il.
Dimensiones 22 cm.
500 ## - NOTA GENERAL
Nota general Ver también S64
500 ## - NOTA GENERAL
Nota general A117
650 14 - PUNTO DE ACCESO ADICIONAL DE MATERIA--TÉRMINO DE MATERIA
Término de materia o nombre geográfico como elemento de entrada Marcas de cerámica
Subdivisión general Coleccionistas y colecciones
9 (RLIN) 7555
650 14 - PUNTO DE ACCESO ADICIONAL DE MATERIA--TÉRMINO DE MATERIA
Término de materia o nombre geográfico como elemento de entrada Cerámica
Término indicativo de función/relación Coleccionistas y colecciones
9 (RLIN) 1200
700 1# - PUNTO DE ACCESO ADICIONAL--NOMBRE DE PERSONA
Nombre de persona Jaenicke, Friedrich
Fechas asociadas al nombre 1831-1907
9 (RLIN) 7556
700 1# - PUNTO DE ACCESO ADICIONAL--NOMBRE DE PERSONA
Nombre de persona Zimmermann, Ernest
Fechas asociadas al nombre 1866-1940
9 (RLIN) 7557
902 ## - CATALOGADOR
Iniciales GFM
942 ## - ELEMENTOS DE PUNTO DE ACCESO ADICIONAL (KOHA)
Fuente del sistema de clasificación o colocación Library of Congress Classification
Tipo de ítem Koha Libros
Holdings
Estado de retiro Estado de pérdida Estado dañado No para préstamo Localización permanente Ubicación/localización actual Fecha de adquisición Número de inventario Total de préstamos Signatura topográfica completa Código de barras Fecha visto por última vez Precio válido a partir de Tipo de ítem Koha
El ejemplar forma parte de la colección y puede ser consultado según las políticas vigentes.       Biblioteca del Museo Franz Mayer (Rogerio Casas-Alatriste) Biblioteca del Museo Franz Mayer (Rogerio Casas-Alatriste) 02/12/2008 A117   NK4215 .G73 1915 (A117) 2658 22/03/2019 22/03/2019 Libros